| 000 | 00659nam a22002051a 4500 | ||
|---|---|---|---|
| 003 | NEGST | ||
| 005 | 20170505020003.0 | ||
| 008 | 030611s 001 0 eng d | ||
| 100 | 1 | _aOsiyale, Akin. | |
| 245 | 1 | 0 |
_aTeacher preparation and participation in curriculum improvement : _ban inaugural lecture delivered at the U. of Lagos, Nov. 8, 1989 / _cAkin Osiyale. _h[Text] |
| 260 |
_aLagos _bU. of Lagos _cc1989,1991 |
||
| 300 | _a53p. | ||
| 500 | _aIncludes bibliography. | ||
| 590 | _aAccession number: 18923 | ||
| 650 | 0 |
_aTeachers _xTraining of. |
|
| 650 | 0 | _aCurriculum development. | |
| 650 | 0 |
_aEducation _xAfrica. |
|
| 942 | 0 | 0 | _02 |
| 999 |
_c35585 _d35585 |
||